| 000 | 01357nam a22003857a 4500 | ||
|---|---|---|---|
| 003 | CHAP | ||
| 005 | 20220329143230.0 | ||
| 008 | 070517d2007 mx r 00110 spa d | ||
| 010 | _a93638 | ||
| 011 | _a94610 | ||
| 035 | _a105205 | ||
| 040 | _cCHAP | ||
| 090 | _aTesis | ||
| 100 | 1 |
_aMora Sánchez, Marisol Angelina. _978175 |
|
| 245 | 1 | 0 |
_aValidación del funcionamiento de una brinquetadora de carbón vegetal _c/por Marisol Angelina Mora Sánchez |
| 260 |
_aChapingo, Méx. : _bEl autor, _c2007. |
||
| 300 |
_a179 h. : _bilus. |
||
| 502 | _aTesis (Ing. Forestal Industrial) - - UACH. División de Ciencias Forestales | ||
| 590 |
_aALEPH _b10 _c20130110 _lUCH01 _h1518 |
||
| 590 |
_aBATCH-UPD _b10 _c20130110 _lUCH01 _h0117 |
||
| 590 |
_aBATCH-UPD _b10 _c20130110 _lUCH01 _h0734 |
||
| 590 |
_aBATCH-UPD _b10 _c20130409 _lUCH01 _h2109 |
||
| 590 |
_aBATCH-UPD _b10 _c20130410 _lUCH01 _h0459 |
||
| 590 |
_aBATCH-UPD _b10 _c20130914 _lUCH01 _h0749 |
||
| 590 |
_aCONVERSION _b10 _c20130109 _lUCH01 _h1352 |
||
| 650 | 1 | 4 |
_aBriquetas. _915392 |
| 650 | 1 | 4 |
_aCarbón vegetal. _918858 |
| 650 | 1 | 4 |
_aMaquinaria forestal. _971212 |
| 650 | 1 | 4 |
_aMaquinaria _xDiseño. _971143 |
| 901 | _aBK | ||
| 905 | _aLilia | ||
| 942 | _cFOLL | ||
| 949 |
_aTesis _bBC _cTES _d33724002022488 _eTS2 _fc.2 _h46812 _i105205 _sb |
||
| 949 |
_aTesis _bBC _cTES _d33724002022520 _eTS1 _h46811 _i105205 _sb |
||
| 999 |
_c93638 _d93638 |
||